| 000 | 01103nam a2200217 a 4500 | ||
|---|---|---|---|
| 005 | 20241028095620.0 | ||
| 008 | 100630t1999||||sp |||g p 1p0dspa d | ||
| 020 | _a9500416689 | ||
| 041 | _aspa | ||
| 092 |
_c808 _l78 _sSHE |
||
| 100 | 1 |
_aSheldon, Sidney _93940 |
|
| 245 | 3 |
_aLa conspiración del juicio final / _cSidney Sheldon |
|
| 250 |
_a1a ed. _bTraducción Nora Watson |
||
| 260 |
_aBuenos Aires: _bEmecé; _c1999. |
||
| 300 | _a397 p. | ||
| 500 | _aSheldon, S. (1994). La conspiración del juicio final. (1a ed.). Buenos Aires : Emecé. | ||
| 505 | _aUn oficial naval es designado para investigar el accidente de un globo meteorológico en los Alpes suizos. La investigación se convertirá en un aterrador viaje hacia lo insondable, mientras la mujer que ama no puede corresponderle y sus amigos se vuelven enemigos mortales. Con la habilidad que lo caracteriza, Sheldon ha creado una novela de acción sin respiro que es, a la vez, una conmovedora historia de amor. | ||
| 590 | _aProyecto 4to Libro. Donación Victoria Lara, Mayo 2018. | ||
| 655 |
_aLiteratura _92917 |
||
| 942 |
_2lcc _cLIT |
||
| 999 |
_c2802 _d2802 |
||